000 00609nam a22001937a 4500
003 OSt
005 20250623074636.0
008 250618b |||||||| |||| 00| 0 eng d
040 _aDWCL - Main lib
_cOC
082 _aCirc. 304.6 S252h 1994
100 _aSassone, Robert L.
245 _aHandbook on population/
_cRobert L. Sassone
250 _aFifth edition
260 _aStafford Va:
_bAmerican League, Inc.,
_cc1994.
300 _ai, 124 pages;
_c21cm.
504 _aIncludes appendix and index.
650 _a1. Population - Handbook, manuals, etc.
942 _2ddc
_cBK-CIRC
_eFifth edition
_kCirc.
_n0
999 _c3141
_d3141